00665nam a2200229Ia 4500003000900000008004100009040001300050040001300063041000800076100001900084245003000103250001200133260000800145260000900153300001100162300001000173490002400183490000600207942000700213999001700220952019800237IT-RoPAU120407s9999 xx 000 0 und d aIT-RoPAU cIT-RoPAU aita aGiorgio Bastin aLe tecniche sociometriche aTorino  aSei c1963 a153 p. c22 cm aPsicologia e vita,4 v1 cBK c26172d26172 00102ddc406150_38400000000000071aPAULUSbPAULUSd2012-04-11l0o150.384r2012-04-11 00:00:00w2012-04-11yBKzInserito da: Carla In data: 24 ottobre 2011 fondo: Via A.Severo 56 Progr:23871